| 000 | 00564nam a2200181 a 4500 | ||
|---|---|---|---|
| 003 | OSt | ||
| 005 | 20141028170945.0 | ||
| 008 | 140728s2014 spc|||| |||||0|| 0 spa|d | ||
| 020 | _a9788498885903 | ||
| 040 |
_bcat _cCDMR |
||
| 100 | 1 | _aSampedro Blanco, Víctor | |
| 245 | 1 | 3 |
_aEl Cuarto poder en red _b: por un periodismo (de código) libre _cVíctor Sampedro |
| 260 |
_aBarcelona _bIcaria _c2014 |
||
| 300 |
_a279 p. _bil. _c21 cm |
||
| 650 | 0 | 4 |
_aPeriodisme _xAspectes ètics i morals _9382 |
| 650 | 0 | 4 |
_aPeriodisme _xInnovacions tecnològiques _92272 |
| 942 | _cMON | ||
| 999 |
_c6759 _d6759 |
||